Szczegóły MARC21

Terapia behawioralna dzieci z autyzmem : teoria, badania i praktyka stosowanej analizy zachowania /

003 -Nazwa inst., której nr kontr. jest w polu 001 [,]
    • @
    • Nazwa instytucji, której n kontrolny jest w polu 001
    • NUKAT
005 -DATA I CZAS OSTATNIEJ MODYFIKACJI [,]
    • @
    • pole kontrolne
    • 20241231093031.0
020 -Międzynarod. znormalizowany nr książki - ISBN [ , ]
    • a
    • Numer ISBN
    • 9788374893862 Find
040 -Instytucja sporządzająca opis [ , ]
    • a
    • Instytucja, która sporządziła opis (NP)
    • GD U/AJ
    • c
    • Instytucja, która sporządziła rekord (NP)
    • GD U/AJs
    • d
    • Instytucja, która zmodyfikowała rekord (P)
    • GD 27/LKs
    • d
    • Instytucja, która zmodyfikowała rekord (P)
    • BYDG 24/MM
942 -Rodzaj dokumentu [ , ]
    • c
    • Rodzaj dokumentu
    • Książka
100 -Hasło główne - nazwa osobowa [1, ]
    • a
    • Nazwa osobowa (NP)
    • Suchowierska-Stephany, Monika.
    • 9
    • KHW
    • 42524
245 -Strefa tytułu i oznaczenia odpowiedzialności [1,0]
    • a
    • Tytuł
    • Terapia behawioralna dzieci z autyzmem : Find
    • b
    • Ciąg dalszy tytułu (NP)
    • teoria, badania i praktyka stosowanej analizy zachowania / Find
    • c
    • Pozostałe elementy strefy tytułu i oznaczenia odpowiedzialności (NP)
    • Monika Suchowierska, Paweł Ostaszewski, Przemysław Bąbel.
260 -Strefa adresu wydawniczego [ , ]
    • a
    • Miejsce wydania (P)
    • Sopot :
    • b
    • Nazwa wydawcy (P)
    • Gdańskie Wydawnictwo Psychologiczne,
    • c
    • Data wydania (P)
    • 2012.
300 -Strefa opisu fizycznego [ , ]
    • a
    • Określenie formy książki i/lub objętość (NP)
    • 288 s. :
    • b
    • Oznaczenie ilustracji (NP)
    • il. ;
    • c
    • Format (NP)
    • 24 cm.
336 -Typ zawartości [ , ]
    • a
    • Termin opisujący typ zawartości
    • Tekst
    • b
    • Kod określający zawartość
    • txt
    • 2
    • Źródło (terminu i kodu)
    • rdacontent
337 -Typ mediów [ , ]
    • a
    • Tryb odtwarzania
    • Bez urządzenia pośredniczącego
    • b
    • Kod typu mediów
    • n
    • 2
    • Źródło (terminu i kodu)
    • rdamedia
338 -Typ/rodzaj nośnika [ , ]
    • a
    • Hasło opisujące typ nośnika
    • Wolumin
    • b
    • Kod typu nośnika
    • nc
    • 2
    • Źródło (terminu i kodu)
    • rdacarrier
504 -Uwaga dot. bibliogr. załącznikowej [ , ]
    • a
    • Uwaga dot. bibliografii załącznikowej
    • Bibliogr. s. 257-278. Indeksy.
080 -Uniwersalna Klasyfikacja Dziesiętna [ , ]
    • 2
    • Identyfikator wydania tablic
    • UDC-P058
    • 9
    • UKD
    • 4780
    • a
    • Symbol klasyfikacji
    • 616.896
    • b
    • Dopowiedzenie
    • Autyzm.
    • 4
    • UKD2
    • 8130
    • x
    • Poddział wspólny
    • -053.2
    • c
    • Dopowiedzenie poddz. wspólnego
    • -Dzieci ogólnie.
080 -Uniwersalna Klasyfikacja Dziesiętna [ , ]
    • 2
    • Identyfikator wydania tablic
    • UDC-P058
    • 9
    • UKD
    • 4649
    • a
    • Symbol klasyfikacji
    • 615.851
    • b
    • Dopowiedzenie
    • Psychoterapia. Psychoanaliza jako terapia.
    • 4
    • UKD2
    • 8130
    • x
    • Poddział wspólny
    • -053.2
    • c
    • Dopowiedzenie poddz. wspólnego
    • -Dzieci ogólnie.
080 -Uniwersalna Klasyfikacja Dziesiętna [ , ]
    • 2
    • Identyfikator wydania tablic
    • UDC-P058
    • 9
    • UKD
    • 2416
    • a
    • Symbol klasyfikacji
    • 159.922
    • b
    • Dopowiedzenie
    • Właściwości życia psychicznego. Świadomość. Psychologia rozwojowa.
    • 4
    • UKD2
    • 8130
    • x
    • Poddział wspólny
    • -053.2
    • c
    • Dopowiedzenie poddz. wspólnego
    • -Dzieci ogólnie.
650 -Hasło przedmiotowe [ ,7]
    • a
    • Hasło przedmiotowe
    • Terapia behawioralna dzieci.
    • 2
    • Źródło terminu
    • kaba
    • 9
    • KHW
    • 150795
650 -Hasło przedmiotowe [ ,7]
    • a
    • Hasło przedmiotowe
    • Dzieci autystyczne
    • x
    • Określnik rzeczowy
    • rehabilitacja.
    • 2
    • Źródło terminu
    • kaba
    • 9
    • KHW
    • 106893
980 -Symbol UKD [ , ]
    • a
    • UKD
    • 616.896:615.851:159.922]-053.2
700 -Hasło dodatkowe - nazwa osobowa [1, ]
    • a
    • Nazwa osobowa (NP)
    • Ostaszewski, Paweł. Find
    • 9
    • KHW
    • 42522
700 -Hasło dodatkowe - nazwa osobowa [1, ]
    • a
    • Nazwa osobowa (NP)
    • Bąbel, Przemysław Find
    • d
    • Daty biograficzne (NP)
    • (1977- ).
    • 9
    • KHW
    • 42523
710 -Hasło dodatkowe - nazwa ciała zbiorowego [2, ]
    • a
    • Nazwa ciała zbiorowego lub nazwa geograficzna jako pierwszy element (NP)
    • Gdańskie Wydawnictwo Psychologiczne.
    • 4
    • Kod relacji
    • pbl
    • 9
    • KHW
    • 51613
920 -ISBN [ , ]
    • a
    • ISBN
    • 978-83-7489-386-2 Find
Lokalizacja Data inwentaryzacji Status udost. Numer inwentarzowy
BG2012-04-271Z.115960
BG2012-04-27-3WM.13228
BG2012-04-27-3WM.13229